|
|
|
|
| LEADER |
00000nam0a2200000 4500 |
| 001 |
324541 |
| 005 |
20231102003658.0 |
| 035 |
|
|
|a (RuTPU)RU\TPU\book\350139
|
| 090 |
|
|
|a 324541
|
| 100 |
|
|
|a 20161117d1967 m y0rusy50 ca
|
| 101 |
0 |
|
|a rus
|
| 102 |
|
|
|a RU
|
| 105 |
|
|
|a a z 000zy
|
| 200 |
1 |
|
|a Искусство акварельной живописи
|f В. А. Фельдман
|
| 210 |
|
|
|a Киев
|c Мистецтво
|d 1967
|
| 215 |
|
|
|a 51 с.
|c ил.
|
| 606 |
1 |
|
|a Живопись
|2 stltpush
|3 (RuTPU)RU\TPU\subj\73461
|9 86457
|
| 610 |
1 |
|
|a акварельная техника
|
| 610 |
1 |
|
|a пигменты
|
| 610 |
1 |
|
|a краски
|
| 610 |
1 |
|
|a цвет
|
| 675 |
|
|
|a 75
|v 4
|
| 700 |
|
1 |
|a Фельдман
|b В. А.
|g Валентин Августович
|
| 801 |
|
1 |
|a RU
|b 63413507
|c 20161117
|
| 801 |
|
2 |
|a RU
|b 63413507
|c 20200723
|g RCR
|
| 942 |
|
|
|c BK
|